Muslim identity and community consciousness : Bengal legislative politics 1912-36 (Record no. 374619)

000 -LEADER
fixed length control field 00489cam a22001457a 4500
008 - FIXED-LENGTH DATA ELEMENTS--GENERAL INFORMATION
fixed length control field 180718b1993 xxu||||| |||| 00| 0 eng d
020 ## - INTERNATIONAL STANDARD BOOK NUMBER
International Standard Book Number 8185195587
082 ## - DEWEY DECIMAL CLASSIFICATION NUMBER
Classification number B1243x5412 C349
100 ## - MAIN ENTRY--PERSONAL NAME
Personal name Chakrabarti, Asim Pada
245 ## - TITLE STATEMENT
Title Muslim identity and community consciousness : Bengal legislative politics 1912-36
Statement of responsibility, etc. by Asim Pada Chakrabarti
260 ## - PUBLICATION, DISTRIBUTION, ETC.
Place of publication, distribution, etc. Calcutta
Name of publisher, distributor, etc. Minerva
Date of publication, distribution, etc. 1993
300 ## - PHYSICAL DESCRIPTION
Extent 224p.
650 ## - SUBJECT ADDED ENTRY--TOPICAL TERM
Topical term or geographic name entry element Legislators - India - West Bengal
650 ## - SUBJECT ADDED ENTRY--TOPICAL TERM
Topical term or geographic name entry element Muslims - India - West Bengal
Holdings
Withdrawn status Lost status Damaged status Not for loan Permanent Location Current Location Date acquired Full call number Barcode Date last seen Price effective from Koha item type
        Indian Institute of Public Administration Indian Institute of Public Administration 1995-03-14 B1243x5412 C349 68108 2018-07-21 2018-07-21 Book

Powered by Koha